Во цвете лет (Запись № 6268741)

Подробности
000 -МАРКЕР
контрольное поле 03398nam0a22004451 4500
001 - ИДЕНТИФИКАТОР ЗАПИСИ
контрольное поле rc\9725
005 - ИДЕНТИФИКАТОР ВЕРСИИ
контрольное поле 20260405055354.0
010 ## - МЕЖДУНАРОДНЫЙ СТАНДАРТНЫЙ НОМЕР КНИГИ (ISBN)
Номер (ISBN) 5-85220-487-0
Тираж 10000
035 ## - ДРУГИЕ СИСТЕМНЫЕ НОМЕРА
Идентификатор записи (NLR Aleph) 005298922
100 ## - ДАННЫЕ ОБЩЕЙ ОБРАБОТКИ
Данные общей обработки 20021204d1996 |||y0rusy50 ca
101 0# - ЯЗЫК РЕСУРСА
Язык текста, звукозаписи и т.д. русский
102 ## - СТРАНА ПУБЛИКАЦИИ ИЛИ ПРОИЗВОДСТВА
Страна публикации Российская Федерация
105 ## - ПОЛЕ КОДИРОВАННЫХ ДАННЫХ: ТЕКСТОВЫЕ МАТЕРИАЛЫ, МОНОГРАФИЧЕСКИЕ
Кодированные данные о монографическом текстовом документе a |||||||||
200 1# - ЗАГЛАВИЕ И СВЕДЕНИЯ ОБ ОТВЕТСТВЕННОСТИ
Основное заглавие Во цвете лет
Первые сведения об ответственности Шмуэль Иосеф Агнон
Последующие сведения об ответственности Пер. с иврита, [предисл., послесл. и коммент.] И. Шамира
210 ## - ПУБЛИКАЦИЯ, РАСПРОСТРАНЕНИЕ И ДР.
Место издания, распространения и т.д. М.
Имя издателя, распространителя и т. д. Панорама
Дата издания, распространения и т.д. 1996
215 ## - ФИЗИЧЕСКАЯ ХАРАКТЕРИСТИКА
Специфическое обозначение материала и объем 348, [2] с., [1] л. портр.
Размеры 21
225 1# - СЕРИЯ
Основное заглавие серии Лауреаты Нобелевской премии
300 ## - ОБЩИЕ ПРИМЕЧАНИЯ
Текст примечания На обл. только авт. и загл. сер.
327 1# - ПРИМЕЧАНИЯ О СОДЕРЖАНИИ
Текст примечания Содерж.: Повести: В сердцевине морей; Во цвете лет; Эдо и эйнам; Рассказы: Почему учителя нашего мудреца рабби Израиля Иссерляина не сразу впустили в рай по кончине; Пляска смерти; Клинок Добуша; Деяния посланца из Святой Земли, да возведется она и отстроится; Прах Земли Израиля; Под деревом; Три главы из романа "Сретение невесты"; Свет Торы; Три сестры; Правые стези; Речь при получении Нобелевской премии
464 #0 - АНАЛИТИЧЕСКИЙ УРОВЕНЬ
Встроенное поле 2001#$aВ сердцевине морей
Заглавие В сердцевине морей
464 #0 - АНАЛИТИЧЕСКИЙ УРОВЕНЬ
Встроенное поле 2001#$aВо цвете лет
Заглавие Во цвете лет
464 #0 - АНАЛИТИЧЕСКИЙ УРОВЕНЬ
Встроенное поле 2001#$aЭдо и эйнам
Заглавие Эдо и эйнам
464 #0 - АНАЛИТИЧЕСКИЙ УРОВЕНЬ
Встроенное поле 2001#$aПочему учителя нашего мудреца рабби Израиля Иссерляина не сразу впустили в рай по кончине
Заглавие Почему учителя нашего мудреца рабби Израиля Иссерляина не сразу впустили в рай по кончине
464 #0 - АНАЛИТИЧЕСКИЙ УРОВЕНЬ
Встроенное поле 2001#$aПляска смерти
Заглавие Пляска смерти
464 #0 - АНАЛИТИЧЕСКИЙ УРОВЕНЬ
Встроенное поле 2001#$aКлинок Добуша
Заглавие Клинок Добуша
464 #0 - АНАЛИТИЧЕСКИЙ УРОВЕНЬ
Встроенное поле 2001#$aДеяния посланца из Святой Земли, да возведется она и отстроится
Заглавие Деяния посланца из Святой Земли, да возведется она и отстроится
464 #0 - АНАЛИТИЧЕСКИЙ УРОВЕНЬ
Встроенное поле 2001#$aПрах Земли Израиля
Заглавие Прах Земли Израиля
464 #0 - АНАЛИТИЧЕСКИЙ УРОВЕНЬ
Встроенное поле 2001#$aПод деревом
Заглавие Под деревом
464 #0 - АНАЛИТИЧЕСКИЙ УРОВЕНЬ
Встроенное поле 2001#$aТри главы из романа "Сретение невесты"
Заглавие Три главы из романа "Сретение невесты"
464 #0 - АНАЛИТИЧЕСКИЙ УРОВЕНЬ
Встроенное поле 2001#$aСвет Торы
Заглавие Свет Торы
464 #0 - АНАЛИТИЧЕСКИЙ УРОВЕНЬ
Встроенное поле 2001#$aТри сестры
Заглавие Три сестры
464 #0 - АНАЛИТИЧЕСКИЙ УРОВЕНЬ
Встроенное поле 2001#$aПравые стези
Заглавие Правые стези
464 #0 - АНАЛИТИЧЕСКИЙ УРОВЕНЬ
Встроенное поле 2001#$aРечь при получении Нобелевской премии
Заглавие Речь при получении Нобелевской премии
700 #1 - ИМЯ ЛИЦА - ПЕРВИЧНАЯ ОТВЕТСТВЕННОСТЬ
Материалы, к которым относится поле rus
Графика поля Кириллица
Начальный элемент ввода Агнон
Часть имени, кроме начального элемента ввода Ш. Й.
Даты 1888-1970
Расширение инициалов личного имени Шмуэль Йосеф
Идентификатор авторитетной/нормативной записи RU\NLR\auth\7718906
Системный номер авторитетной/нормативной записи 1982
801 #0 - ИСТОЧНИК ЗАПИСИ
Страна Российская Федерация
Организация NLR
Правила каталогизации psbo
801 #1 - ИСТОЧНИК ЗАПИСИ
Страна Российская Федерация
Организация ELAR
Источник данных rusmarc
852 ## - МЕСТОНАХОЖДЕНИЕ И ШИФР ХРАНЕНИЯ
Идентификатор организации NLR
Шифр хранения (Call Number) 96-3/10768
942 ## - ДОПОЛНИТЕЛЬНЫЕ ЭЛЕМЕНТЫ ЗАПИСИ (АБИС)
Тип экземпляра АБИС Книга
980 ## - КОЛЛЕКЦИЯ
Название коллекции Национальная библиография
Экземпляры
Тип экземпляра Дата поступления Библиотека постоянного хранения Библиотека текущего хранения Место хранения Шифр хранения Штрих-код Статус экземпляра
Книга 26.10.2013 РНБ (Московский) РНБ (Московский) Русский книжный фонд: издания с 1957 года 96-3/10768 5298922-10